000 01229nam a22002777a 4500
005 20240530110601.0
008 160203s2014 ua ad g b 000 0 ara d
017 _a2014/9024
_bمصر . دار الكتب المصرية
020 _a9789779016757
040 _aEG-CaGPL
082 0 4 _221
_a658.402\
_bأ إ
100 0 _aاحمد محمد المامون الصافى
245 1 2 _aالارادة الثلاثية و اليقين الطريق لتنمية قدرات الجهاز الادارى /
_cتاليف احمد محمد المامون الصافى
260 _aالقاهرة :
_bشركة ايبيس للنشر و التوزيع و خدمات المعلومات ،
_c2014 .
300 _a164 ص :
_bجداول ،
_c24 سم +
_eملاحق .
504 _aيشتمل على ارجاعات ببليوجرافية
650 0 4 _aالادارة التنفيذية
650 0 4 _aدراسة الجدوى
650 0 4 _aادارة الافراد
650 0 4 _aالعلاقات الوظيفية
650 0 4 _aتقييم الوظائف
650 0 4 _aادارة الاعمال
_xسلوك
650 0 4 _aادارة الاعمال
_xاخلاقيات
942 _2ddc
_cBK
999 _c62669
_d62669